000 nam a22 7a 4500
999 _c29346
_d29346
008 171201b xxu||||| |||| 00| 0 eng d
020 _a9789966250858
050 _aAFR GR 355.6 .E27K5
100 _aKirman, Mubina H.
245 _aOral Literature of the Asians in East Africa /
_cMubina, Kirmani H.
250 _a1st ed.
260 _aKenya:
_bEast African Educational Publishers,
_c2002.
300 _axvii, 137p.
_bincludes bibliographical references and index.
_c17cm
650 _aAfrica
942 _2lcc
_cAFRICANA
_hAFR GR 355.6 .E27K5 2002